Online katalóg knižníc regiónu Turca

Všetko v poriadku (Record no. 22331)

MARC details
000 -LEADER
fixed length control field 01664cam a2200517 a 4500
001 - CONTROL NUMBER
control field 22331
003 - CONTROL NUMBER IDENTIFIER
control field VRT
005 - DATE AND TIME OF LATEST TRANSACTION
control field 20260326142151.0
008 - FIXED-LENGTH DATA ELEMENTS--GENERAL INFORMATION
fixed length control field 240313s2012 xo g 000 f slo
015 ## - NATIONAL BIBLIOGRAPHY NUMBER
National bibliography number SNBA2013
020 ## - INTERNATIONAL STANDARD BOOK NUMBER
International Standard Book Number 9788089452484
Qualifying information (brož.)
035 ## - SYSTEM CONTROL NUMBER
System control number 6C4E0985-D7E2-4157-89C1-154EE000C5B4
035 ## - SYSTEM CONTROL NUMBER
System control number urn:nbn:sk:snk-amjkxq
035 ## - SYSTEM CONTROL NUMBER
System control number urn:nbn:sk:snk-am002fo6
039 #9 - LEVEL OF BIBLIOGRAPHIC CONTROL AND CODING DETAIL [OBSOLETE]
Level of rules in bibliographic description 202403131613
Level of effort used to assign nonsubject heading access points VLOAD
Level of effort used to assign subject headings 202107021922
Level of effort used to assign classification AUTHORITY
Level of effort used to assign subject headings 202107021911
Level of effort used to assign classification AUTHORITY
Level of effort used to assign subject headings 202107021909
Level of effort used to assign classification AUTHORITY
040 ## - CATALOGING SOURCE
Original cataloging agency PPPK
Language of cataloging slo
Transcribing agency PPPK
Modifying agency SVKBB
-- SNK
Description conventions AACR2
041 0# - LANGUAGE CODE
Language code of text/sound track or separate title slo
044 ## - COUNTRY OF PUBLISHING/PRODUCING ENTITY CODE
MARC country code xo
ISO country code SK
072 #7 - SUBJECT CATEGORY CODE
Subject category code 821.162.4-3
Subject category code subdivision Slovenská próza
Source konspekt
080 ## - UNIVERSAL DECIMAL CLASSIFICATION NUMBER
Universal Decimal Classification number 821.162.4-31
Edition identifier 2001
080 ## - UNIVERSAL DECIMAL CLASSIFICATION NUMBER
Universal Decimal Classification number (0:82-31)
Edition identifier 2001
100 1# - MAIN ENTRY--PERSONAL NAME
Personal name Macháčková, Monika,
Dates associated with a name 1969-
Relationship aut
245 10 - TITLE STATEMENT
Title Všetko v poriadku
Remainder of title nehľadajte žiadnu podobnosť s realitou-
Statement of responsibility, etc. Monika Macháčková
250 ## - EDITION STATEMENT
Edition statement 1. vyd.
260 ## - PUBLICATION, DISTRIBUTION, ETC.
Place of publication, distribution, etc. Bratislava
Name of publisher, distributor, etc. Evitapress
Date of publication, distribution, etc. 2012
300 ## - PHYSICAL DESCRIPTION
Extent 293 s.
Dimensions 17 cm
655 #7 - INDEX TERM--GENRE/FORM
Genre/form data or focus term slovenské romány
Source of term SNKPH
655 #7 - INDEX TERM--GENRE/FORM
Genre/form data or focus term Slovak fiction
Source of term SNKPHeng
910 ## - USER-OPTION DATA (OCLC)
User-option data pppk
910 ## - USER-OPTION DATA (OCLC)
User-option data ttkjf
910 ## - USER-OPTION DATA (OCLC)
User-option data pokpoh
910 ## - USER-OPTION DATA (OCLC)
User-option data totk
910 ## - USER-OPTION DATA (OCLC)
User-option data bjkdg
910 ## - USER-OPTION DATA (OCLC)
User-option data vthk
910 ## - USER-OPTION DATA (OCLC)
User-option data svkbb
910 ## - USER-OPTION DATA (OCLC)
User-option data sllk
910 ## - USER-OPTION DATA (OCLC)
User-option data skpk
910 ## - USER-OPTION DATA (OCLC)
User-option data snk
942 ## - ADDED ENTRY ELEMENTS (KOHA)
Source of classification or shelving scheme Dewey Decimal Classification
Koha item type Krásna literatúra pre dospelých
Suppress in OPAC No
949 ## - LOCAL PROCESSING INFORMATION (OCLC)
6 270001000401794
a svkbbA 135643
b svkbbm 729467
949 ## - LOCAL PROCESSING INFORMATION (OCLC)
6 270001000399571
a svkbbA 135643-a
b svkbbm 729501
949 ## - LOCAL PROCESSING INFORMATION (OCLC)
6 17A1050727
a snkSD 81301 D1
b snk2012/19619
o 1785/12
s 6100:20210923
949 ## - LOCAL PROCESSING INFORMATION (OCLC)
6 17A1033449
a snkSD 81301
b snk2012/16699
o 1785/12
949 ## - LOCAL PROCESSING INFORMATION (OCLC)
6 273K0549447
a svkpoA 215602
b svkpo555601
Holdings
Stav vyradenia Strata Poškodenie Spôsob nadobudnutia Domovská knižnica Aktuálna knižnica Dátum nadobudnutia Total checkouts Čiarový kód exemplára Date last seen Typ exemplára
      Dar Obecná knižnica Horná Štubňa Obecná knižnica Horná Štubňa 26.03.2026   9788089452484 26.03.2026 Krásna literatúra pre dospelých
Projekt je podporený Slovenskou asociáciou knižníc
Prevádzkuje Turčianska knižnica Martin 2026